Strength of Materials 3rd ed. (Record no. 2534)

000 -LEADER
fixed length control field 00279nam a2200109Ia 4500
008 - FIXED-LENGTH DATA ELEMENTS--GENERAL INFORMATION
fixed length control field 200302s9999 xx 000 0 und d
100 ## - MAIN ENTRY--PERSONAL NAME
Personal name S. S. Bhavikatti
245 ## - TITLE STATEMENT
Title Strength of Materials 3rd ed.
260 ## - PUBLICATION, DISTRIBUTION, ETC.
Name of publisher, distributor, etc. Vikas Publishing House Pvt. Ltd.
260 ## - PUBLICATION, DISTRIBUTION, ETC.
Date of publication, distribution, etc. 2008
300 ## - PHYSICAL DESCRIPTION
Extent 406 P.,
Holdings
Withdrawn status Lost status Damaged status Not for loan Permanent Location Current Location Date acquired Cost, normal purchase price Total Checkouts Full call number Barcode Date last seen Date last checked out Price effective from Koha item type
        BMS College of Architecture, Design and Planning BMS College of Architecture, Design and Planning 2020-03-03 225.00 4 620.112 CL-UG49834 2024-03-01 2024-02-19 2020-03-03 UG Books from CL
        BMS College of Architecture, Design and Planning BMS College of Architecture, Design and Planning 2020-03-03 225.00 6 620.112 CL-UG49835 2024-03-01 2024-02-29 2020-03-03 UG Books from CL
        BMS College of Architecture, Design and Planning BMS College of Architecture, Design and Planning 2020-03-03 225.00 5 620.112 CL-UG49836 2024-03-01 2024-02-23 2020-03-03 UG Books from CL
Copyright © 2025, The Librarian, Library and Information Centre, BMSCA D&P, Bengaluru. All Rights Reserved
web counter

Powered by Koha